Thick of It Lyrics - Statistics

General Stats
  • This quiz has been taken 15 times
  • The average score is 52 of 68
Answer Stats
Lyrics % Correct
and this ain't even final {form}.
100%
{everybody} knows,
100%
{everybody} knows,
100%
{everybody} knows,
100%
{everybody} knows,
100%
{everybody} knows,
100%
I'm in the {thick} {of} {it},
100%
I'm in the {thick} {of} {it},
100%
I'm in the {thick} {of} {it},
100%
I'm in the {thick} {of} {it},
100%
I'm in the {thick} {of} {it},
100%
In the {thick} {of} {it}...
100%
Forty something {milli'} subs, or so I've been told.
92%
Forty something {milli'} subs, or so I've been told.
92%
Forty something {milli'} subs, or so I've been told.
92%
Forty something {milli'} subs, or so I've been told.
92%
Forty something {milli'} subs, or so I've been told.
92%
I don't know no nothin' bout no {ice},
92%
I don't know no nothin' bout no {ice},
92%
I don't know no nothin' bout no {ice},
92%
I don't know no nothin' bout no {ice},
92%
I don't know no nothin' bout no {ice},
92%
I'm in my {prime},
92%
I'm just {cold},
92%
I'm just {cold},
92%
I'm just {cold},
92%
I'm just {cold},
92%
I'm just {cold},
92%
I skied in and they {froze},
92%
I skied in and they {froze},
92%
I skied in and they {froze},
92%
I skied in and they {froze},
92%
I skied in and they {froze},
92%
they know me where it {snows},
92%
they know me where it {snows},
92%
they know me where it {snows},
92%
they know me where it {snows},
92%
they know me where it {snows},
92%
always drama when I {ring}.
85%
From the {screen},
85%
That's my {bling},
85%
To the {king}.
85%
To the {pen},
85%
To the {ring},
85%
I guess this is how the {story} {goes}.
77%
I guess this is how the {story} {goes}.
77%
I guess this is how the {story} {goes}.
77%
See, I believe that if I {see} it in my heart,
77%
This is how the {story} {goes}.
77%
This is how the {story} {goes}.
77%
This is how the {story} {goes}.
77%
This is how the {story} {goes}.
77%
Where's my {crown}?
77%
{Smash} through the ceiling cos' I'm reaching for the stars.
62%
but still my {feet} they find the floor.
54%
I went from {living} {rooms}, straight out to sold-out tours.
46%
They {knock} me down,
38%
Life's a {fight}, but trust I'm ready for the war.
31%
Man, this life will {break} you.
23%
My faith in {God}, mine in the sun,
23%
They cast me {out}, left me for dead,
23%
Ain't nobody gonna {save} you,
15%
I went to {heaven},
15%
I'm just {cruisin'} by my lone.
8%
I took the {wheel}, I cracked the code.
8%
My life is {hard},
8%
Them {people} cold.
8%
I'm 'boutta {sow}.
0%
No matching quizzes found
Score Distribution
Percent of People with Each Score
Percentile by Number Answered
Your Score History
You have not taken this quiz